| 000 | 00604nam a2200241Ia 4500 | ||
|---|---|---|---|
| 003 | OSt | ||
| 005 | 20220912151229.0 | ||
| 006 | a|||||r|||| 00| 0 | ||
| 007 | ta | ||
| 008 | 220909b |||||||| |||| 00| 0 eng d | ||
| 024 | _a43519 | ||
| 037 | _cTextual | ||
| 040 |
_aCSL _beng _cCSL |
||
| 041 | _aeng | ||
| 082 | _aF53:(G91), L0 | ||
| 100 | _aJay James M | ||
| 245 | 0 | _aModern food microbiology | |
| 260 |
_aNew York _b D Van Nostrand _c1970 |
||
| 300 |
_avii, 328p. _ccm. |
||
| 650 | _aFood | ||
| 942 |
_hF53:(G91), L0 _cTEXL _2CC |
||
| 999 |
_c64097 _d64097 |
||